<?xml version="1.0" encoding="UTF-8"?>
<record
    xmlns:xsi="http://www.w3.org/2001/XMLSchema-instance"
    xsi:schemaLocation="http://www.loc.gov/MARC21/slim http://www.loc.gov/standards/marcxml/schema/MARC21slim.xsd"
    xmlns="http://www.loc.gov/MARC21/slim">

  <leader>01428nam a2200217Ia 4500</leader>
  <controlfield tag="003">OSt</controlfield>
  <controlfield tag="005">20250602153329.0</controlfield>
  <controlfield tag="008">210210b1985   xxu||||| |||| 00| 0 eng d</controlfield>
  <datafield tag="040" ind1=" " ind2=" ">
    <subfield code="c">AL</subfield>
  </datafield>
  <datafield tag="041" ind1=" " ind2=" ">
    <subfield code="a">Kannada</subfield>
  </datafield>
  <datafield tag="082" ind1=" " ind2=" ">
    <subfield code="a">915.404K SHAS</subfield>
  </datafield>
  <datafield tag="100" ind1=" " ind2=" ">
    <subfield code="a">SHANTADEVI MALAVADA</subfield>
    <subfield code="d">&#xCB6;&#xCBE;&#xC82;&#xCA4;&#xCBE;&#xCA6;&#xCC7;&#xCB5;&#xCBF; &#xCAE;&#xCBE;&#xCB3;&#xCB5;&#xCBE;&#xCA1;</subfield>
    <subfield code="9">212372</subfield>
  </datafield>
  <datafield tag="245" ind1=" " ind2=" ">
    <subfield code="a">Shrigiriyinda himagirige</subfield>
    <subfield code="b">&#xCB6;&#xCCD;&#xCB0;&#xCC0;&#xC97;&#xCBF;&#xCB0;&#xCBF;&#xCAF;&#xCBF;&#xC82;&#xCA6; &#xCB9;&#xCBF;&#xCAE;&#xC97;&#xCBF;&#xCB0;&#xCBF;&#xC97;&#xCC6; </subfield>
  </datafield>
  <datafield tag="260" ind1=" " ind2=" ">
    <subfield code="a">Bengaluru</subfield>
    <subfield code="b">Kannada mattu Samskrati Nirdeshanalaya</subfield>
    <subfield code="c">1985</subfield>
  </datafield>
  <datafield tag="300" ind1=" " ind2=" ">
    <subfield code="a">iv,182</subfield>
  </datafield>
  <datafield tag="520" ind1=" " ind2=" ">
    <subfield code="a">&#x2018;&#xCB6;&#xCCD;&#xCB0;&#xCC0;&#xC97;&#xCBF;&#xCB0;&#xCBF;&#xCAF;&#xCBF;&#xC82;&#xCA6; &#xCB9;&#xCBF;&#xCAE;&#xC97;&#xCBF;&#xCB0;&#xCBF;&#xC97;&#xCC6;&#x2019; &#xCB9;&#xCBF;&#xCB0;&#xCBF;&#xCAF; &#xCB2;&#xCC7;&#xC96;&#xC95;&#xCBF; &#xCB6;&#xCBE;&#xC82;&#xCA4;&#xCBE;&#xCA6;&#xCC7;&#xCB5;&#xCBF; &#xCAE;&#xCBE;&#xCB3;&#xCB5;&#xCBE;&#xCA1; &#xC85;&#xCB5;&#xCB0; &#xCAA;&#xCCD;&#xCB0;&#xCB5;&#xCBE;&#xCB8; &#xC95;&#xCA5;&#xCA8;. 1985&#xCB0; &#xCB5;&#xCBF;&#xCB6;&#xCCD;&#xCB5; &#xC95;&#xCA8;&#xCCD;&#xCA8;&#xCA1; &#xCB8;&#xCBE;&#xCB9;&#xCBF;&#xCA4;&#xCCD;&#xCAF; &#xCB8;&#xCAE;&#xCCD;&#xCAE;&#xCC7;&#xCB3;&#xCA8;&#xCA6; &#xCB8;&#xC82;&#xCA6;&#xCB0;&#xCCD;&#xCAD;&#xCA6;&#xCB2;&#xCCD;&#xCB2;&#xCBF; &#xC95;&#xCB0;&#xCCD;&#xCA8;&#xCBE;&#xC9F;&#xC95; &#xCB8;&#xCB0;&#xCCD;&#xC95;&#xCBE;&#xCB0;&#xCA6; &#xC95;&#xCA8;&#xCCD;&#xCA8;&#xCA1; &#xCAE;&#xCA4;&#xCCD;&#xCA4;&#xCC1; &#xCB8;&#xC82;&#xCB8;&#xCCD;&#xC95;&#xCC3;&#xCA4;&#xCBF; &#xCA8;&#xCBF;&#xCB0;&#xCCD;&#xCA6;&#xCC7;&#xCB6;&#xCA8;&#xCBE;&#xCB2;&#xCAF;&#xCA6;&#xCBF;&#xC82;&#xCA6; &#xCAA;&#xCCD;&#xCB0;&#xC95;&#xC9F;&#xCB5;&#xCBE;&#xCA6; &#xC95;&#xCC3;&#xCA4;&#xCBF;. &#xCB6;&#xCCD;&#xCB0;&#xCC0;&#xC97;&#xCBF;&#xCB0;&#xCBF;&#xCAF;&#xCBF;&#xC82;&#xCA6; &#xCB9;&#xCBF;&#xCAE;&#xC97;&#xCBF;&#xCB0;&#xCBF;&#xCAF; &#xCB5;&#xCB0;&#xCC6;&#xC97;&#xCC6; &#xCA4;&#xCBE;&#xCB5;&#xCC1; &#xCAE;&#xCBE;&#xCA1;&#xCBF;&#xCA6; &#xCAA;&#xCCD;&#xCB0;&#xCB5;&#xCBE;&#xCB8;&#xCA6; &#xCA8;&#xCC6;&#xCA8;&#xCAA;&#xCC1;&#xC97;&#xCB3;&#xCA8;&#xCCD;&#xCA8;&#xCC1; &#xC88; &#xC95;&#xCC3;&#xCA4;&#xCBF;&#xCAF;&#xCB2;&#xCCD;&#xCB2;&#xCBF; &#xC85;&#xCB0;&#xCCD;&#xCA5;&#xCAA;&#xCC2;&#xCB0;&#xCCD;&#xCA3;&#xCB5;&#xCBE;&#xC97;&#xCBF; &#xCA6;&#xCBE;&#xC96;&#xCB2;&#xCBF;&#xCB8;&#xCBF;&#xCA6;&#xCCD;&#xCA6;&#xCBE;&#xCB0;&#xCC6;</subfield>
  </datafield>
  <datafield tag="650" ind1=" " ind2=" ">
    <subfield code="a">Shrigiri Himagiri</subfield>
    <subfield code="9">212373</subfield>
  </datafield>
  <datafield tag="690" ind1=" " ind2=" ">
    <subfield code="a">Travel</subfield>
    <subfield code="9">212374</subfield>
  </datafield>
  <datafield tag="906" ind1=" " ind2=" ">
    <subfield code="a">038043</subfield>
  </datafield>
  <datafield tag="942" ind1=" " ind2=" ">
    <subfield code="2">ddc</subfield>
    <subfield code="c">BK</subfield>
  </datafield>
  <datafield tag="999" ind1=" " ind2=" ">
    <subfield code="c">88036</subfield>
    <subfield code="d">88036</subfield>
  </datafield>
  <datafield tag="952" ind1=" " ind2=" ">
    <subfield code="0">0</subfield>
    <subfield code="1">0</subfield>
    <subfield code="2">ddc</subfield>
    <subfield code="4">0</subfield>
    <subfield code="7">0</subfield>
    <subfield code="8">GEN</subfield>
    <subfield code="a">AL</subfield>
    <subfield code="b">AL</subfield>
    <subfield code="c">Geography</subfield>
    <subfield code="d">2021-02-17</subfield>
    <subfield code="g">6.50</subfield>
    <subfield code="l">0</subfield>
    <subfield code="o">915.404K SHAS</subfield>
    <subfield code="p">038043</subfield>
    <subfield code="r">2021-02-17 00:00:00</subfield>
    <subfield code="w">2021-02-17</subfield>
    <subfield code="y">BK</subfield>
  </datafield>
</record>
